Most Popular Halloween Candy - Statistics

General Stats
  • This quiz has been taken 93 times
  • The average score is 6 of 15
Answer Stats
Number First Letter Type Answer % Correct
1 R Nut Reese's Peanut Butter Cups
86%
6 H Chocolate Hershey's Milk Chocolate
70%
9 K Chocolate KitKat
69%
4 T Lollipop Tootsie Pops
60%
12 H Gummy Haribo Gummy Bears
56%
3 M Other M&M's
46%
14 B Lollipop Blowpop
43%
7 S Gummy Sour Patch Kids
41%
13 N Other Nerds
33%
10 S Other Starburst
30%
8 C Other Candy Corn
26%
5 T Other Twizzlers
19%
2 P Nut Peanut M&M's
14%
11 H Chocolate Heath
13%
15 A Other Airheads
10%
No matching quizzes found
Score Distribution
Percent of People with Each Score
Percentile by Number Answered
Your Score History
You have not taken this quiz